| 000 | 00776nam a2200241 a 4500 | ||
|---|---|---|---|
| 008 | 951027s1990||||[C 0 slo c | ||
| 020 |
_c20 Kčs. _q(1500 výtl.) |
||
| 040 |
_aSNK _bslo _cSNK _eAACR2 |
||
| 041 | 1 |
_aslo _hbul |
|
| 044 |
_axo _cSK |
||
| 080 | _a886.7-3 | ||
| 100 | 1 |
_aMišev, Georgi _4aut |
|
| 245 | 1 | 0 |
_aDámska volenka _cGeorgi Mišev ; Jaroslav Marušiak, Svetozár Mydlo, Magda Slovincová |
| 250 | _a1., vyd. | ||
| 260 |
_aBratislava _bSlovenský spisovateľ _c1990 _eMartin _fTlačiarne SNP |
||
| 300 |
_a128 s., 9,65 AH _c21 cm |
||
| 490 | 0 | _aŽihadlice | |
| 500 | _aRozlož. ilustr. tit. list. Ilustr. na predsádkach. | ||
| 700 | 1 |
_aMarušiak, Jaroslav _4trl |
|
| 700 | 1 |
_aMydlo, Svetozár _4bkd |
|
| 700 | 1 |
_aSlovincová, Magda _4bkd |
|
| 958 | _aA | ||
| 999 |
_c12188 _d12188 |
||